Estudi sanitari de la comarca del Vallès / Acadèmia de Ciències Mèdiques de Catalunya i Balears, Filials del Vallès Occidental i Oriental
Descripción Física:
476 p. : amb map., [3] f. pleg. ; 27 cm
Materias:
Salut pública -- Vallès
MARC
| LEADER | 00000nam a2200000Ia 4500 | ||
|---|---|---|---|
| 001 | 1618 | ||
| 003 | BGR | ||
| 005 | 20260324175602.0 | ||
| 008 | 160829s1984 xx 000 0 cat d | ||
| 080 | |a C-2-11 | ||
| 110 | 2 | |9 70078 |a Academia de Ciencias Médicas de Cataluña | |
| 245 | |a Estudi sanitari de la comarca del Vallès / Acadèmia de Ciències Mèdiques de Catalunya i Balears, Filials del Vallès Occidental i Oriental | ||
| 260 | |a Sabadell [etc.] : |b [l'Acadèmia], |c 1984 | ||
| 300 | |a 476 p. : |b amb map., [3] f. pleg. ; |c 27 cm | ||
| 590 | |a Editat amb el suport de la Diputació de Barcelona | ||
| 650 | |a Salut pública |x Vallès |9 34166 | ||
| 710 | 1 | |a Barcelona (Catalunya : Província). |b Diputació |9 52408 | |
| 901 | |a Arxiu | ||
| 942 | |n 1 |2 udc |c MON | ||
| 952 | |0 0 |1 0 |4 0 |6 C211 |7 1 |9 46404 |a Arxiu |b Arxiu |d 2016-12-01 |l 0 |o C-2-11 |p 1618 |r 2016-12-01 00:00:00 |w 2016-12-01 |y ARXIU | ||
| 999 | |c 50189 |d 50189 | ||